000 00297nam a22001337a 4500
008 170922b xxu||||| |||| 00| 0 eng d
020 _a9780965342445
041 _aeng
080 _a37
100 _a46
101 _aEDU
245 _aCOLLEGE CHOICE & ADMISSIONS
_cCARNEGIE, B
942 _2udc
_cBK
999 _c29240
_d29240